| 000 | 01062cam a2200313 a 4500 | ||
|---|---|---|---|
| 999 |
_c531779 _d531779 |
||
| 001 | 2839836 | ||
| 003 | NUST | ||
| 005 | 20191027190042.0 | ||
| 008 | 840709r19821888pk 000 0 urdo | ||
| 010 | _a 83931347 | ||
| 020 | _cRs60.00 | ||
| 038 | _aArshad | ||
| 040 |
_aDLC _cDLC _dDLC |
||
| 043 |
_aa-ii--- _aa-pk--- |
||
| 050 | 0 | 0 |
_aDS485.P2 _bL34 1982 |
| 082 |
_a 954.914 _bLAT |
||
| 100 | 1 |
_aLatif, Syad Muhammad, _d1851-1902. _93788 |
|
| 245 | 1 | 0 |
_aTārīk̲h̲-i Panjāb : _bmaʻ ḥālāt-i shahr-i Lāhaur / _cSayyid Muḥammad Lat̤īf. |
| 260 |
_aLāhaur : _bSang-i Mīl Pablīkeshanz, _c1982. |
||
| 300 |
_a4, 6, 382, 4 p. ; _c22 cm. |
||
| 500 | _aIn Urdu; pref. in English. | ||
| 500 | _aTitle on added t.p.: History of the Punjab. | ||
| 500 | _aReprint. Originally published: Lahore : Civil and Military Gazette Press, 1888. | ||
| 651 | 0 |
_aPunjab (India) _xHistory. _93789 |
|
| 651 | 0 |
_aLahore (Pakistan) _xHistory. _924828 |
|
| 740 | 0 | _aHistory of the Punjab. | |
| 906 |
_a7 _bcbc _corignew _d4 _encip _f19 _gy-gencatlg |
||
| 942 |
_2ddc _cBK |
||